Normal view
MARC view
Entry Personal Name
001 - CONTROL NUMBER
- control field: 1011
003 - CONTROL NUMBER IDENTIFIER
- control field: PK-NaQUE
005 - DATE AND TIME OF LATEST TRANSACTION
- control field: 20260629105852.0
008 - FIXED-LENGTH DATA ELEMENTS
- fixed length control field: 260629|| aca||aabn | a|a d
040 ## - CATALOGING SOURCE
- Original cataloging agency: PK-NaQUE
- Transcribing agency: PK-NaQUE
100 ## - HEADING--PERSONAL NAME
- Personal name: Engr. Kiran Fatima
- Personal name: 21-MCEM-10
- Personal name: Supervisor - Dr. Mahboob Oad
670 ## - SOURCE DATA FOUND
- Source citation: Work cat.: (PK-NaQUE)69070: Engr. Kiran Fatima 21-MCEM-10 Supervisor - Dr. Mahboob Oad, Compressive Strength of Concrete using Partial Replacement of Coarse Aggregate from Burnt Bricks and Reinforced with Polypropylene Fiber (Thesis ME), 2025